Glycemic index diet for dummies

Uloženo v:
Podrobná bibliografie
Hlavní autor:  Raffetto, Meri
Médium: Sách
Jazyk:Undetermined
Vydáno:  John wiley & Sons, Inc  2014
Témata:
Tagy: Přidat tag
Žádné tagy, Buďte první, kdo otaguje tento záznam!
Thư viện lưu trữ: Trung tâm Thư viện - Trường Đại học Công nghiệp TP. Hồ Chí Minh
LEADER 00493nam a2200157Ia 4500
001 UIH_04489
008 231011s9999 xx 000 0 und d
082 |a  613.25 
100 |a  Raffetto, Meri 
245 0 |a  Glycemic index diet for dummies 
245 0 |c  Raffetto, Meri 
260 |b  John wiley & Sons, Inc 
260 |c  2014 
650 |a  Giảm cân; Dinh dưỡng;  
927 |a Sách 
980 |a Trung tâm Thư viện - Trường Đại học Công nghiệp TP. Hồ Chí Minh